[Event "CZE-chT1W 0607"]
[Site "Czech Republic"]
[Date "2007.01.07"]
[Round "5.6"]
[White "Kalivoda, Jaroslav"]
[Black "Hlavacek, Robert"]
[Result "1/2-1/2"]
[WhiteElo "2147"]
[BlackElo "2238"]
[PlyCount "36"]
[EventDate "2006.10.29"]
[EventType "team"]
[EventRounds "11"]
[EventCountry "CZE"]
[SourceTitle "EXT 2009"]
[Source "ChessBase"]
[SourceDate "2008.11.26"]
[SourceVersion "1"]
[SourceVersionDate "2008.11.26"]
[SourceQuality "1"]
[WhiteTeam "Vysehrad II"]
[BlackTeam "Chrudim"]
[WhiteTeamCountry "CZE"]
[BlackTeamCountry "CZE"]

1. e4 e6 2. d4 d5 3. Nc3 Bb4 4. exd5 exd5 5. a3 Bxc3+ 6. bxc3 Nf6 7. Bg5 h6 8. Bh4 c6 9. Bd3 0-0 10. Ne2 Nbd7 11. 0-0 Qa5 12. c4 dxc4 13. Bxc4 Qh5 14. Bg3 Nb6 15. Bd3 Bf5 16. Nf4 Qxd1 17. Rfxd1 Bxd3 18. Nxd3 Nbd5 1/2-1/2

[Event "CZE-chT2c 0506"]
[Site "Czech Republic"]
[Date "2006.02.26"]
[Round "8.2"]
[White "Forman, Stepan"]
[Black "Kalivoda, Jaroslav"]
[Result "1-0"]
[WhiteElo "2283"]
[BlackElo "2161"]
[PlyCount "123"]
[EventDate "2005.10.16"]
[EventType "team"]
[EventRounds "11"]
[EventCountry "CZE"]
[SourceTitle "EXT 2009"]
[Source "ChessBase"]
[SourceDate "2008.11.26"]
[SourceVersion "1"]
[SourceVersionDate "2008.11.26"]
[SourceQuality "1"]
[WhiteTeam "Vrsovice"]
[BlackTeam "Vysehrad III"]
[WhiteTeamCountry "CZE"]
[BlackTeamCountry "CZE"]

1. d4 d5 2. Nf3 Nf6 3. g3 e6 4. c4 dxc4 5. Bg2 Be7 6. 0-0 0-0 7. Ne5 Nfd7 8. Nxc4 c6 9. Nc3 Nb6 10. Ne5 Nd5 11. e4 Nxc3 12. bxc3 Nd7 13. Nxd7 Qxd7 14. Be3 b6 15. Qb3 Bb7 16. f4 Rad8 17. Rad1 Qc7 18. f5 exf5 19. Rxf5 Bc8 20. Rf2 Be6 21. Qb1 b5 22. d5 Bg4 23. Rdf1 cxd5 24. exd5 Bc5 25. Bxc5 Qxc5 26. Qb4 Qxb4 27. cxb4 Rd6 28. Rc1 Bd7 29. Rc7 a6 30. Rfc2 Rd8 31. Kf2 Kf8 32. Ra7 Rc8 33. Rd2 Be6 34. Ke3 Rcd8 35. Rf2 Bxd5 36. Bxd5 Rxd5 37. Rfxf7+ Kg8 38. Rxg7+ Kf8 39. Rxh7 Rd3+ 40. Ke2 Rd2+ 41. Kf3 Kg8 42. Rhb7 Rxh2 43. Rxa6 Rd3+ 44. Ke4 Rd8 45. Rba7 Re8+ 46. Kf3 Rf8+ 47. Kg4 Rc2 48. Ra8 Rc4+ 49. Kg5 Rxa8 50. Rxa8+ Kf7 51. a3 Rc3 52. g4 Rh3 53. Ra7+ Ke6 54. Kg6 Rg3 55. g5 Rh3 56. Kg7 Kf5 57. g6 Rg3 58. Ra6 Rc3 59. Kh7 Rh3+ 60. Kg8 Rc3 61. g7 Rc1 62. Kh7 1-0

[Event "CZE-chT2c 0506"]
[Site "Czech Republic"]
[Date "2006.02.12"]
[Round "7.2"]
[White "Kalivoda, Jaroslav"]
[Black "Kuba, Jindrich"]
[Result "0-1"]
[WhiteElo "2161"]
[BlackElo "2206"]
[PlyCount "124"]
[EventDate "2005.10.16"]
[EventType "team"]
[EventRounds "11"]
[EventCountry "CZE"]
[SourceTitle "EXT 2009"]
[Source "ChessBase"]
[SourceDate "2008.11.26"]
[SourceVersion "1"]
[SourceVersionDate "2008.11.26"]
[SourceQuality "1"]
[WhiteTeam "Vysehrad III"]
[BlackTeam "Bohemians II"]
[WhiteTeamCountry "CZE"]
[BlackTeamCountry "CZE"]

1. e4 c5 2. b3 Nc6 3. Bb2 a6 4. c4 e6 5. Nc3 Qc7 6. Nf3 Nf6 7. Be2 Nd4 8. h3 Be7 9. d3 Rb8 10. 0-0 0-0 11. a4 b6 12. Nxd4 cxd4 13. Nb1 e5 14. Nd2 Bb4 15. Rc1 h6 16. f4 d6 17. f5 Qe7 18. Rc2 Bd7 19. Bc1 Rfc8 20. Ra2 Ra8 21. Nf3 Nh7 22. Bd2 Bxd2 23. Qxd2 Rab8 24. Rfa1 Nf6 25. Bd1 Be8 26. Qf2 Nd7 27. Qh4 Qxh4 28. Nxh4 Nc5 29. Bc2 g6 30. fxg6 fxg6 31. Rf1 Kg7 32. Nf3 Bd7 33. Ne1 Rf8 34. Rxf8 Rxf8 35. Bd1 h5 36. Rf2 Rb8 37. Kf1 b5 38. axb5 axb5 39. Ra2 bxc4 40. bxc4 Kf6 41. Kf2 Rb4 42. Ke2 Be6 43. Kd2 Kg5 44. Bc2 Rb8 45. Ra7 Kf4 46. Rg7 Rg8 47. Rxg8 Bxg8 48. Ke2 Kg3 49. Kf1 Ne6 50. Kg1 Nf4 51. Bd1 Be6 52. Bf3 Bd7 53. Kf1 Ba4 54. Be2 Bb3 55. Bf3 Ba2 56. Bd1 Bb1 57. Be2 h4 58. Nf3 Nxg2 59. Nxe5 dxe5 60. c5 Ba2 61. c6 Be6 62. Bg4 Ne3+ 0-1

[Event "CZE-chT2J 0203"]
[Site "Czech Republic"]
[Date "2003.??.??"]
[Round "3"]
[White "Hlavacek, Jiri"]
[Black "Kalivoda, Jaroslav"]
[Result "1/2-1/2"]
[WhiteElo "2212"]
[BlackElo "2182"]
[PlyCount "22"]
[EventDate "2002.10.??"]
[EventType "team"]
[EventRounds "11"]
[EventCountry "CZE"]
[SourceTitle "EXT 2007"]
[Source "ChessBase"]
[SourceDate "2006.11.23"]
[SourceVersion "1"]
[SourceVersionDate "2006.11.23"]
[SourceQuality "1"]

1. e4 e5 2. d4 exd4 3. Nf3 Nc6 4. c3 d3 5. Bxd3 d6 6. h3 Ne5 7. Bc2 Nxf3+ 8. Qxf3 Qf6 9. Qd3 Ne7 10. 0-0 Nc6 11. f4 Be7 1/2-1/2

[Event "CZE-chT2J 0203"]
[Site "Czech Republic"]
[Date "2003.??.??"]
[Round "3"]
[White "Kalivoda, Jaroslav"]
[Black "Novy, Vaclav"]
[Result "1/2-1/2"]
[WhiteElo "2182"]
[BlackElo "2005"]
[PlyCount "123"]
[EventDate "2002.10.??"]
[EventType "team"]
[EventRounds "11"]
[EventCountry "CZE"]
[SourceTitle "EXT 2007"]
[Source "ChessBase"]
[SourceDate "2006.11.23"]
[SourceVersion "1"]
[SourceVersionDate "2006.11.23"]
[SourceQuality "1"]

1. e4 c5 2. b3 d6 3. Bb2 Nc6 4. Bb5 e5 5. c4 Qg5 6. Qf3 h5 7. Nc3 Bg4 8. Qe3 Be7 9. Bxc6+ bxc6 10. Nge2 Bf6 11. h3 Bd7 12. 0-0-0 Rd8 13. Qxg5 Bxg5 14. Kc2 Ne7 15. d3 Ng6 16. Rdf1 Rf8 17. f3 h4 18. Na4 Nf4 19. Nxf4 Bxf4 20. Bc3 Ke7 21. Be1 Rh8 22. Ba5 Rb8 23. Rf2 Rh5 24. Re2 Rg5 25. Bd2 Rh8 26. Bxf4 exf4 27. Kc3 Rh6 28. Rh2 Rhg6 29. Rf2 Kf6 30. Rd2 Ke5 31. Rf2 Kf6 32. Re2 Ke7 33. Nb2 Kf6 34. d4 cxd4+ 35. Kxd4 Ra5 36. Nd3 c5+ 37. Kc3 Kg5 38. e5 Bf5 39. Nf2 Re6 40. Rh1 Rxe5 41. Rd2 Re3+ 42. Kb2 Ra6 43. Nd1 Rd3 44. Rxd3 Bxd3 45. Nc3 Bf5 46. Rd1 Kf6 47. Nd5+ Kg5 48. Nc3 Rc6 49. Nb5 a6 50. Nxd6 Be6 51. Ne4+ Kf5 52. Kc3 Ke5 53. Rd8 f6 54. Rh8 g5 55. Rf8 Bf5 56. Re8+ Be6 57. a3 Kf5 58. Rd8 Ke5 59. Rf8 Bf5 60. Re8+ Be6 61. Nf2 Kd6 62. Ne4+ 1/2-1/2

[Event "CZE-chT2J 0203"]
[Site "Czech Republic"]
[Date "2002.??.??"]
[Round "2"]
[White "Urbankova, Eva"]
[Black "Kalivoda, Jaroslav"]
[Result "1/2-1/2"]
[WhiteElo "2196"]
[BlackElo "2182"]
[PlyCount "89"]
[EventDate "2002.10.??"]
[EventType "team"]
[EventRounds "11"]
[EventCountry "CZE"]
[SourceTitle "EXT 2007"]
[Source "ChessBase"]
[SourceDate "2006.11.23"]
[SourceVersion "1"]
[SourceVersionDate "2006.11.23"]
[SourceQuality "1"]

1. d4 d5 2. c4 e6 3. Nc3 Nf6 4. cxd5 exd5 5. Bg5 c6 6. e3 Be7 7. Bd3 Nbd7 8. Qc2 0-0 9. Nf3 Re8 10. 0-0 Nf8 11. Bxf6 Bxf6 12. b4 a6 13. a4 g6 14. Nd2 Ne6 15. Nb3 Qd6 16. b5 axb5 17. axb5 Rxa1 18. Rxa1 Bd7 19. bxc6 bxc6 20. Ne2 Rb8 21. Ng3 Be8 22. Nf1 Be7 23. Rc1 Rc8 24. Nfd2 Bd7 25. Qc3 Qb4 26. Qxb4 Bxb4 27. Nf3 Bd6 28. Kf1 Rb8 29. Rb1 c5 30. dxc5 Nxc5 31. Nxc5 Rxb1+ 32. Bxb1 Bxc5 33. Nd4 Kf8 34. Ba2 Be6 35. Ke2 Ke7 36. Kd3 Kd6 37. Kc3 Bd7 38. Bb3 h6 39. h4 g5 40. hxg5 hxg5 41. Bc2 f6 42. Bd3 Ke5 43. Nf3+ Kd6 44. Ba6 Be6 45. Nd4 1/2-1/2

[Event "CZE-chTJ 0001"]
[Site "Czech Republic"]
[Date "2001.??.??"]
[Round "2"]
[White "Rozmbersky, David"]
[Black "Kalivoda, Jaroslav"]
[Result "1/2-1/2"]
[WhiteElo "2200"]
[BlackElo "2185"]
[PlyCount "88"]
[EventDate "2000.??.??"]
[EventType "team"]
[EventRounds "11"]
[EventCountry "CZE"]
[SourceTitle "EXT 2003"]
[Source "ChessBase"]
[SourceDate "2002.11.25"]
[SourceVersion "1"]
[SourceVersionDate "2002.11.25"]
[SourceQuality "1"]

1. d4 d5 2. c4 e6 3. Nc3 Nf6 4. Bf4 c6 5. e3 Qa5 6. a3 dxc4 7. Bxc4 Nd5 8. Nge2 Nxf4 9. Nxf4 Be7 10. h4 Nd7 11. b4 Qc7 12. Bxe6 fxe6 13. Nxe6 Qd6 14. Nxg7+ Kf8 15. Nf5 Qg6 16. Ng3 Nf6 17. e4 Bg4 18. Qb3 Rd8 19. Qc4 a6 20. Qd3 h5 21. f3 Be6 22. Nge2 Rg8 23. g3 Qf7 24. Qe3 Bc4 25. Qf4 Ke8 26. 0-0 Qe6 27. Rf2 Bxe2 28. Nxe2 Bd6 29. e5 Nd5 30. Qe4 Be7 31. Kh2 Qh6 32. f4 Rg4 33. Rg1 Kd7 34. Rgg2 Rdg8 35. Qf3 Bd8 36. Kg1 Rf8 37. Qe4 Kc8 38. Rf3 Qg7 39. Rff2 Be7 40. Kh1 Qh6 41. Rf3 Qg7 42. Rff2 Qh6 43. Kg1 Bd8 44. Qd3 Rfg8 1/2-1/2

[Event "Pribram op"]
[Site "Pribram"]
[Date "2000.??.??"]
[Round "?"]
[White "Kalivoda, Jaroslav"]
[Black "Gibiec, Ernest"]
[Result "0-1"]
[WhiteElo "2210"]
[BlackElo "2233"]
[PlyCount "74"]
[EventDate "2000.??.??"]
[EventType "swiss"]
[EventRounds "9"]
[EventCountry "CZE"]
[SourceTitle "EXT 2003"]
[Source "ChessBase"]
[SourceDate "2002.11.25"]
[SourceVersion "1"]
[SourceVersionDate "2002.11.25"]
[SourceQuality "1"]

1. e4 d6 2. d4 Nf6 3. Nc3 g6 4. Be3 Bg7 5. f3 a6 6. Qd2 b5 7. 0-0-0 h5 8. g3 Bb7 9. h3 Nbd7 10. Nge2 c5 11. Bg2 Qa5 12. a3 b4 13. Nb1 Qb5 14. axb4 cxb4 15. g4 Nb6 16. Qd3 Qc4 17. g5 Nfd7 18. h4 0-0 19. f4 a5 20. Qb3 Qb5 21. Nbc3 Qc4 22. Nd5 Bxd5 23. exd5 Qxe2 24. Bf1 Qf3 25. Bb5 a4 26. Qd3 Qxd5 27. f5 a3 28. bxa3 Rxa3 29. Qe2 Qxf5 30. Bxd7 Qxd7 31. Kd2 Qe6 32. Rb1 Nc4+ 33. Kc1 Rxe3 34. Qf1 Re2 35. Qf3 Re1+ 36. Rxe1 Qxe1+ 37. Qd1 Qe3+ 0-1

[Event "Pribram op"]
[Site "Pribram"]
[Date "2000.??.??"]
[Round "4"]
[White "Kalivoda, Jaroslav"]
[Black "Marsalek, Zdenek"]
[Result "1-0"]
[WhiteElo "2210"]
[BlackElo "2243"]
[PlyCount "43"]
[EventDate "2000.??.??"]
[EventType "swiss"]
[EventRounds "9"]
[EventCountry "CZE"]
[SourceTitle "EXT 2003"]
[Source "ChessBase"]
[SourceDate "2002.11.25"]
[SourceVersion "1"]
[SourceVersionDate "2002.11.25"]
[SourceQuality "1"]

1. e4 c5 2. Nf3 e6 3. d4 cxd4 4. Nxd4 Nc6 5. Be3 Nf6 6. Nc3 Bb4 7. f3 0-0 8. Qd2 a6 9. 0-0-0 Qc7 10. g4 d5 11. g5 Nd7 12. exd5 exd5 13. a3 Bxc3 14. Qxc3 Nb6 15. Bg2 Bd7 16. f4 Bg4 17. Rd3 Rac8 18. Kb1 Rfd8 19. Re1 Na4 20. Qd2 Nc5 21. Nb5 axb5 22. Bxc5 1-0

[Event "Pribram op"]
[Site "Pribram"]
[Date "2000.??.??"]
[Round "?"]
[White "Strejc, Josef"]
[Black "Kalivoda, Jaroslav"]
[Result "1-0"]
[WhiteElo "2139"]
[BlackElo "2210"]
[PlyCount "61"]
[EventDate "2000.??.??"]
[EventType "swiss"]
[EventRounds "9"]
[EventCountry "CZE"]
[SourceTitle "EXT 2003"]
[Source "ChessBase"]
[SourceDate "2002.11.25"]
[SourceVersion "1"]
[SourceVersionDate "2002.11.25"]
[SourceQuality "1"]

1. e4 e5 2. d4 exd4 3. Qxd4 Nc6 4. Qe3 Nf6 5. Bd2 Bb4 6. Nc3 0-0 7. 0-0-0 Re8 8. Bc4 Bxc3 9. Bxc3 Nxe4 10. Qf4 Re7 11. Bxf7+ Rxf7 12. Qxe4 Qg5+ 13. Kb1 d6 14. Nf3 Qf5 15. Qh4 Bd7 16. Rhe1 Re8 17. Rxe8+ Bxe8 18. Re1 Bd7 19. a3 h6 20. Qc4 Kh7 21. h3 Rf8 22. Qh4 Re8 23. Rxe8 Bxe8 24. Qg3 Bg6 25. Ne1 Qe4 26. h4 Qe7 27. Nd3 Bxd3 28. Qxd3+ Kg8 29. Qg3 Ne5 30. f4 Nf7 31. Qxg7# 1-0

[Event "CZE-chTJ 9900"]
[Site "Czech Republic"]
[Date "1999.??.??"]
[Round "?"]
[White "Kalivoda, Jaroslav"]
[Black "Pfeifer, Miroslav"]
[Result "1/2-1/2"]
[WhiteElo "2205"]
[BlackElo "2200"]
[PlyCount "31"]
[EventDate "1999.??.??"]
[EventType "team"]
[EventRounds "11"]
[EventCountry "CZE"]
[SourceTitle "EXT 2002"]
[Source "ChessBase"]
[SourceDate "2001.11.25"]
[SourceVersion "1"]
[SourceVersionDate "2001.11.25"]
[SourceQuality "1"]

1. e4 e5 2. Nc3 Nc6 3. Bc4 Nf6 4. d3 Bb4 5. Bg5 h6 6. Bxf6 Bxc3+ 7. bxc3 Qxf6 8. Ne2 d6 9. d4 Qg6 10. Ng3 0-0 11. 0-0 Kh8 12. Qd3 f5 13. exf5 Bxf5 14. Nxf5 Qxf5 15. Qxf5 Rxf5 16. Rad1 1/2-1/2

[Event "CZE-chT 9798"]
[Site "Czech Republic"]
[Date "1998.04.04"]
[Round "10"]
[White "Sergeev, Vladimir"]
[Black "Kalivoda, Jaroslav"]
[Result "1/2-1/2"]
[WhiteElo "2465"]
[BlackElo "2210"]
[PlyCount "154"]
[EventDate "1997.11.15"]
[EventType "team-tourn"]
[EventRounds "11"]
[EventCountry "CZE"]
[SourceTitle "EXT 2019"]
[Source "ChessBase"]
[SourceDate "2018.10.10"]
[SourceVersion "1"]
[SourceVersionDate "2018.10.10"]
[SourceQuality "1"]
[WhiteTeam "Praha Dukla"]
[BlackTeam "Vysehrad SK Sokol II"]
[WhiteTeamCountry "CZE"]
[BlackTeamCountry "CZE"]

1. d4 d5 2. c4 e6 3. Nc3 Nf6 4. cxd5 exd5 5. Bg5 Nbd7 6. e3 c6 7. Bd3 Be7 8. Qc2 0-0 9. Nf3 Re8 10. 0-0 Nf8 11. h3 g6 12. Rab1 Ne6 13. Bxf6 Bxf6 14. b4 a6 15. a4 Bd7 16. Rfd1 Qe7 17. b5 axb5 18. axb5 Red8 19. Rdc1 Be8 20. Na4 Qd6 21. Bf1 Ra5 22. bxc6 bxc6 23. Ne1 Rb8 24. Rxb8 Qxb8 25. Nd3 Qa7 26. Nac5 Nxc5 27. Nxc5 Be7 28. Nd3 Bd6 29. g3 Ra2 30. Qb1 Qa5 31. Rd1 Qa4 32. Rc1 Qa5 33. Rd1 Qa4 34. Bg2 Qc2 35. Bf3 Qxb1 36. Rxb1 Ra7 37. g4 h6 38. Kg2 Kf8 39. Rb6 Bc7 40. Rb2 Bd6 41. Be2 Bd7 42. f4 g5 43. Kf3 f6 44. f5 h5 45. Kf2 h4 46. Bf3 Ke7 47. e4 dxe4 48. Bxe4 Kd8 49. Rc2 Ra6 50. Ke2 Ke7 51. Bf3 Ra4 52. Bxc6 Bxc6 53. Rxc6 Rxd4 54. Ke3 Ra4 55. Rb6 Ra7 56. Ke4 Kd7 57. Rb3 Ra4+ 58. Kd5 Ra5+ 59. Kc4 Kc6 60. Rc3 Kd7 61. Rb3 Kc6 62. Rc3 Kd7 63. Kd4 Ra4+ 64. Rc4 Ra5 65. Ke4 Ra1 66. Rc3 Ra4+ 67. Kf3 Ra5 68. Rc4 Be5 69. Nc5+ Ke7 70. Ke4 Ra1 71. Nd3 Bd6 72. Kd5 Kd7 73. Nf2 Ra5+ 74. Kd4 Be5+ 75. Ke4 Bd6 76. Nd1 Re5+ 77. Kf3 Ra5 1/2-1/2

[Event "CZE-chT 9798"]
[Site "Czech Republic"]
[Date "1998.02.08"]
[Round "7"]
[White "Berezjuk, Sergej"]
[Black "Kalivoda, Jaroslav"]
[Result "1/2-1/2"]
[WhiteElo "2405"]
[BlackElo "2210"]
[PlyCount "183"]
[EventDate "1997.11.15"]
[EventType "team-tourn"]
[EventRounds "11"]
[EventCountry "CZE"]
[SourceTitle "EXT 2019"]
[Source "ChessBase"]
[SourceDate "2018.10.10"]
[SourceVersion "1"]
[SourceVersionDate "2018.10.10"]
[SourceQuality "1"]
[WhiteTeam "Ostrava TJ Nova Hut"]
[BlackTeam "Vysehrad SK Sokol II"]
[WhiteTeamCountry "CZE"]
[BlackTeamCountry "CZE"]

1. e4 e5 2. Bc4 Nc6 3. Nc3 Bc5 4. d3 d6 5. Na4 Bb6 6. Nxb6 axb6 7. a3 Nf6 8. Bg5 h6 9. Bh4 Qe7 10. Ne2 0-0 11. f3 Be6 12. 0-0 Bxc4 13. dxc4 Qe6 14. b3 Nd7 15. Nc3 Ne7 16. a4 Ng6 17. Bg3 Nf6 18. Qd2 Rfc8 19. Bf2 Nd7 20. Be3 Ne7 21. Rfe1 Kh7 22. Bf2 Qg6 23. Bh4 Qe6 24. Nd5 Nxd5 25. cxd5 Qe8 26. c4 Nf8 27. Ra2 Qd7 28. Qc2 Ng6 29. Bg3 Kg8 30. b4 Ra6 31. Rea1 Rca8 32. Bf2 Ne7 33. a5 Nc8 34. Qd3 f6 35. g3 Kh7 36. Kg2 Ne7 37. Qb3 Nc8 38. c5 Qb5 39. axb6 cxb6 40. c6 Rb8 41. Rc1 Ne7 42. Rac2 Kg6 43. c7 Rc8 44. f4 Kh7 45. f5 Raa8 46. Rc4 Rf8 47. h4 Nc8 48. g4 Qd7 49. Qf3 g6 50. fxg6+ Kxg6 51. Kh2 Rg8 52. Rg1 Qf7 53. Rg2 Kh7 54. Rc3 Ra2 55. Qf5+ Qg6 56. Qd7+ Kh8 57. Rf3 Rc2 58. Qd8 Qg7 59. Rxf6 Rxc7 60. Rxh6+ Qxh6 61. Qxc7 Qf4+ 62. Kg1 Qxe4 63. g5 Qh7 64. Qc4 Qh5 65. Qc7 Qh7 66. Qc1 Ne7 67. h5 Nf5 68. Qc2 Ne7 69. g6 Qh6 70. Qe4 Kg7 71. Bh4 Qxh5 72. Bxe7 Qd1+ 73. Kh2 Rh8+ 74. Bh4 Qd4 75. Qxd4 exd4 76. Rg4 Rh5 77. Rxd4 Kxg6 78. Kg3 Kf5 79. Bd8 Ke5 80. Bxb6 Rh1 81. Rd2 Rb1 82. Ba5 b6 83. Bxb6 Rxb4 84. Be3 Rb5 85. Bf4+ Ke4 86. Re2+ Kxd5 87. Kf3 Rb3+ 88. Kg4 Rd3 89. Kf5 Kc6 90. Re6 Kd7 91. Rh6 Rd1 92. Rh7+ 1/2-1/2

[Event "CZE-chT 9798"]
[Site "Czech Republic"]
[Date "1997.12.14"]
[Round "4"]
[White "Konopka, Michal"]
[Black "Kalivoda, Jaroslav"]
[Result "1-0"]
[WhiteElo "2410"]
[BlackElo "2210"]
[PlyCount "125"]
[EventDate "1997.11.15"]
[EventType "team-tourn"]
[EventRounds "11"]
[EventCountry "CZE"]
[SourceTitle "EXT 2019"]
[Source "ChessBase"]
[SourceDate "2018.10.10"]
[SourceVersion "1"]
[SourceVersionDate "2018.10.10"]
[SourceQuality "1"]
[WhiteTeam "Pardubice RC Sport"]
[BlackTeam "Vysehrad SK Sokol II"]
[WhiteTeamCountry "CZE"]
[BlackTeamCountry "CZE"]

1. d4 d5 2. Nf3 Nf6 3. c4 e6 4. g3 Be7 5. Bg2 Nbd7 6. 0-0 0-0 7. Qc2 c6 8. b3 b6 9. Rd1 Bb7 10. Nc3 Rc8 11. e4 h6 12. Bf4 dxe4 13. Nxe4 Nxe4 14. Qxe4 Nf6 15. Qc2 Bd6 16. Bxd6 Qxd6 17. c5 bxc5 18. dxc5 Qc7 19. Nd2 Rfd8 20. Nc4 Rxd1+ 21. Rxd1 Rd8 22. b4 Rxd1+ 23. Qxd1 Nd5 24. a3 Bc8 25. Qd4 Kf8 26. Nd6 Bd7 27. Qd3 Nf6 28. Qa6 Ke7 29. Bf3 Ne8 30. Nc4 Nf6 31. Kg2 Kd8 32. Na5 Nd5 33. Qd3 Qe5 34. Qh7 Ke7 35. Nb7 Qg5 36. Qh8 Be8 37. Nd6 Bd7 38. h4 Qg6 39. Nc8+ Bxc8 40. Qxc8 Qc2 41. Qxc6 Ne3+ 42. Kg1 Qc1+ 43. Kh2 Nf1+ 44. Kg2 Nd2 45. Be2 f5 46. Qd6+ Kf6 47. h5 Ne4 48. Qf8+ Ke5 49. Qxg7+ Kd5 50. Qd7+ Ke5 51. Qd8 Nxf2 52. Kxf2 a5 53. Qd6+ Kf6 54. bxa5 Qxa3 55. a6 f4 56. Qxf4+ Ke7 57. Qe3 Qa4 58. c6 Qxc6 59. a7 Qa4 60. Bf3 Qa2+ 61. Kg1 Qa1+ 62. Kg2 Qa3 63. Qxa3+ 1-0

[Event "CZE-chT 9798"]
[Site "Czech Republic"]
[Date "1997.12.13"]
[Round "3"]
[White "Kalivoda, Jaroslav"]
[Black "Jurek, Josef"]
[Result "1/2-1/2"]
[WhiteElo "2210"]
[BlackElo "2415"]
[PlyCount "85"]
[EventDate "1997.11.15"]
[EventType "team-tourn"]
[EventRounds "11"]
[EventCountry "CZE"]
[SourceTitle "EXT 2019"]
[Source "ChessBase"]
[SourceDate "2018.10.10"]
[SourceVersion "1"]
[SourceVersionDate "2018.10.10"]
[SourceQuality "1"]
[WhiteTeam "Vysehrad SK Sokol II"]
[BlackTeam "Kolin SK Sokol"]
[WhiteTeamCountry "CZE"]
[BlackTeamCountry "CZE"]

1. e4 c5 2. Nf3 e6 3. d4 cxd4 4. Nxd4 a6 5. Bd3 Nc6 6. Nxc6 bxc6 7. 0-0 d5 8. exd5 cxd5 9. c4 Nf6 10. cxd5 Nxd5 11. Be4 Bd6 12. g3 0-0 13. Qf3 Rb8 14. Nc3 Nxc3 15. Qxc3 Bb7 16. Bxb7 Rxb7 17. Rd1 Qb8 18. Rb1 Rb5 19. Be3 Rc8 20. Qd3 Be5 21. b3 Qa8 22. Rbc1 Rd5 23. Rxc8+ Qxc8 24. Qe2 Rxd1+ 25. Qxd1 h6 26. Qd3 f5 27. a4 Qc6 28. Qd8+ Kf7 29. Qb6 Qxb6 30. Bxb6 Bd6 31. h3 Ke8 32. Kf1 Kd7 33. Ke2 Kc6 34. Bd4 e5 35. Bc3 Kd5 36. f3 h5 37. Be1 e4 38. fxe4+ Kxe4 39. b4 Kd4 40. b5 axb5 41. axb5 Kc5 42. Kf3 Kxb5 43. g4 1/2-1/2

[Event "CZE-chT1 9596"]
[Site "Czech Republic"]
[Date "1995.??.??"]
[Round "?"]
[White "Trojan, Lubos"]
[Black "Kalivoda, Jaroslav"]
[Result "0-1"]
[WhiteElo "2200"]
[BlackElo "2205"]
[PlyCount "90"]
[EventDate "1995.??.??"]
[EventType "team-tourn"]
[EventRounds "11"]
[EventCountry "CZE"]
[SourceTitle "EXT 2000"]
[Source "ChessBase"]
[SourceDate "1999.11.16"]
[SourceVersion "1"]
[SourceVersionDate "1999.11.16"]
[SourceQuality "1"]

1. d4 d5 2. Nf3 Nf6 3. Bf4 e6 4. Nbd2 c5 5. e3 Nc6 6. c3 Be7 7. Ne5 Qb6 8. Rb1 Nd7 9. Qg4 Ncxe5 10. dxe5 g5 11. Bxg5 Rg8 12. f4 h6 13. h4 hxg5 14. Nf3 c4 15. Nd4 Bc5 16. hxg5 Bxd4 17. exd4 Nf8 18. Be2 Bd7 19. Kf2 Qa5 20. a3 0-0-0 21. Ke3 Ba4 22. Bd1 Bd7 23. Bc2 Ba4 24. Qd1 Bxc2 25. Qxc2 Kb8 26. Rh6 Ng6 27. g4 Qc7 28. Rbh1 Qe7 29. R1h5 Nf8 30. f5 Qc7 31. Kf4 Qe7 32. Qh2 Qe8 33. Qc2 Qe7 34. Qh2 Kc8 35. Qc2 Re8 36. Qa4 a6 37. Rf6 Nd7 38. Rfh6 exf5 39. Qa5 Nxe5 40. Qxd5 Ng6+ 41. Kxf5 Qc7 42. Qc5 Re5+ 43. Qxe5 Nxe5 44. dxe5 Re8 45. Rd6 Qc5 0-1